Kariera klubowa Luki Modricia - Statystyki

Ogólne statystyki
  • Ten quiz został rozwiązany 687 razy
  • Średni wynik to 3 z 5
Statystyki odpowiedzi
Lata gry Klub % Poprawnych
2012 - obecnie Real Madryt
99%
2008 - 2012 Tottenham Hotspur
76%
2003 - 2008 Dinamo Zagrzeb
66%
2003 - 2004 Zrinjski Mostar
6%
2004 - 2005 Inter Zaprešić
4%
Nie znaleziono quizów pasujących do podanych kryteriów
Rozkład punktacji
Procent ludzi z każdym wynikiem
Percentyl według liczby udzielonych odpowiedzi
Twoja historia wyników
Nie rozwiązałeś tego quizu